000 00371nam a2200157Ia 4500
003 OSt
005 20240404163313.0
008 230125s9999 xx 000 0 und d
020 _a818766746X
082 _aU86
_bBUKP
100 _aBukhari, Patras
245 0 _aPatras ke mazameen
260 _bEducational Publishing House
_c2012
_aDelhi
300 _a26p
942 _cBK
_2ddc
999 _c333
_d333